LEADER 01158nam2 2200289 4500 001 000030276 005 20141222142238.0 010 $a978-88-7812-194-2 100 $a20141217d2009----km-y0itay50------ba 101 0 $aita 102 $aIT 105 $ay-------001yy 200 1 $aRapporto sulle biblioteche italiane 2007-2008$f[Associazione italiana biblioteche]$ga cura di Vittorio Ponzani$gdirezione scientifica di Giovanni Solimine 210 $aRoma$cAssociazione Italiana Biblioteche$d2009 215 $a150 p.$d24 cm. 461 1$12001$aRapporto sulle biblioteche italiane ...$fAssociazione italiana biblioteche. 500 10$aRapporto sulle biblioteche italiane 2007-2008$940192 610 1 $aBiblioteche$aItalia$a2007-2008 676 $a027.045$v23$9Biblioteche, archivi, centri d'informazione generali. Italia 702 1$aPonzani,$bVittorio 702 1$aSolimine,$bGiovanni 710 02$aAssociazione italiana biblioteche$0104838 801 0$aIT$bUNIPARTHENOPE$c20141217$gRICA$2UNIMARC 912 $a000030276 951 $a027-R/1$b45326$cNAVA1$d2014 996 $aRapporto sulle biblioteche italiane 2007-2008$940192 997 $aUNIPARTHENOPE LEADER 01163nas# 22003013i 450 001 VAN0260103 005 20230926120613.525 017 70$20$a18729479 100 $a20230622a1988 |0itac50 ba 101 $aeng 102 $aGB 105 $a|||| ||||| 110 $aaM||||||||| 181 $ai$b e 182 $ab 200 1 $aMathematical and Computer Modelling 210 $aVol. 10, fasc. 1 (1988)- 215 $aOxford$cElsevier, 1988- 620 $aGB$dOxford$3VANL000020 712 $aElsevier $3VANV108024$4650 801 $aIT$bSOL$c20230929$gRICA 856 4 $uhttps://www.sciencedirect.com/journal/mathematical-and-computer-modelling$zE-journal ? Accesso al full-text attraverso riconoscimento IP di Ateneo, proxy e/o Shibboleth 899 $aBIBLIOTECA DEL DIPARTIMENTO DI MATEMATICA E FISICA$1IT-CE0120$2VAN08$42003-$ce-journal ; 912 $fN 912 $aVAN0260103 950 $aBIBLIOTECA DEL DIPARTIMENTO DI MATEMATICA E FISICA$b082003-$d08DLOAD e-journal 136 $e08e-j136 20230622 996 $aMathematical and computer modelling$91905326 997 $aUNICAMPANIA LEADER 01089nam0 22002531i 450 001 UON00397723 005 20231205104642.512 010 $a978-01-996007-6-2 100 $a20110928d2011 |0itac50 ba 101 $aeng 102 $aUS 105 $a|||| ||||| 200 1 $aDisobeying the security council$ecountermeasures against wrongful sanctions$fAntonios Tzanakopoulos. - Oxford$betc.]$eOxford University Press, 2011 210 $aXXXII$d243 p. ; 24 cm. 410 1$1001UON00171800$12001 $aOxford monographs in international law $1210 $aOxford$cClarendon press 620 $aGB$dOxford$3UONL000029 700 1$aTZANAKOPOULOS$bAntonios$3UONV205096$0515775 712 $aOxford University Press$3UONV245947$4650 801 $aIT$bSOL$c20240220$gRICA 899 $aSIBA - SISTEMA BIBLIOTECARIO DI ATENEO$2UONSI 912 $aUON00397723 950 $aSIBA - SISTEMA BIBLIOTECARIO DI ATENEO$dSI IX DIR INTPUB A 0174 $eSI SC 47342 5 0174 996 $aDisobeying the Security Council$9854579 997 $aUNIOR